Tâm lí học đám đông : Cùng tâm lý đám đông và phân tích cái tôi của S. Freud

Nghiên cứu học thuyết tư tưởng của Le Bon về tâm lý học đám đông

में बचाया:
ग्रंथसूची विवरण
मुख्य लेखक: Bon, Le Gustaver
स्वरूप: पुस्तक
भाषा:Undetermined
प्रकाशित: Hà Nội Tri Thức 2016
विषय:
टैग : टैग जोड़ें
कोई टैग नहीं, इस रिकॉर्ड को टैग करने वाले पहले व्यक्ति बनें!
Thư viện lưu trữ: Trung tâm Học liệu Trường Đại học Cần Thơ
LEADER 00850nam a2200217Ia 4500
001 CTU_215471
008 210402s9999 xx 000 0 und d
020 |c 85000 
082 |a 301.18 
082 |b B697 
100 |a Bon, Le Gustaver 
245 0 |a Tâm lí học đám đông : 
245 0 |b Cùng tâm lý đám đông và phân tích cái tôi của S. Freud 
245 0 |c Gustaver Le Bon ; Nguyễn Xuân Khánh (dịch) ; Bùi Văn Nam Sơn (hiệu đính) 
260 |a Hà Nội 
260 |b Tri Thức 
260 |c 2016 
520 |a Nghiên cứu học thuyết tư tưởng của Le Bon về tâm lý học đám đông 
650 |a Social psychology,Tâm lý học xã hội,Crowds,Đám đông 
904 |i Nguyên 
980 |a Trung tâm Học liệu Trường Đại học Cần Thơ